000 00303nam a22001337a 4500
008 171031b xxu||||| |||| 00| 0 eng d
020 _a9780393927016
041 _aeng
080 _25TH
_a33
100 _a58
101 _aBUS
245 _aECONOMICS OF THE ENVIRONMENT
_cSTAVINS,R.N
942 _2udc
_cBK
999 _c36632
_d36632